00986 a2200229 4500003000500000005001700005010001600022020001500038040000900053082001200062100003000074245006000104260004700164300006700211505024800278650002800526650001600554700003500570942001200605999001900617952012000636Nust20221017120313.0 a 86019751 a0827326629 cNust00a600,GOE1 aGoetsch, David L.910042210aTechnology and you /cDavid L. Goetsch, John A. Nelson. aAlbany, N.Y. :bDelmar Publishers,cc1987. axxiii, 456 p., [16] p. of plates :bill. (some col.) ;c24 cm. aPart 1: Overview Of Technology (Page-3), Part 2; The Physical Technologies (Page-79), Part 3: The Information Communication Technologies (Page-221), Part 4: The Biotechnologies (Page-317), Part 5: Issues And Outlooks In Technology (Page-687). 0aIndustrial arts.941644 0aTechnology.1 aNelson, John A.,d1935-981297 2ddccBK c183274d183274 00102ddc4070aMCSbMCScGENd2016-12-12o600,GOEpMCS5699r2016-12-08w2016-12-12yBKzAlmirah No.26, Shelf No.1